Nueva narrativa hispanoamericana

保存先:
書誌詳細
第一著者: Shaw, Donald L (著者)
フォーマット: 図書
言語:スペイン語
出版事項: Madrid Cátedra 1981
シリーズ:Crítica y estudios literarios
主題:
タグ: タグ追加
タグなし, このレコードへの初めてのタグを付けませんか!

MARC

LEADER 00000nam a2200000 a 4500
001 UCR9902
003 CL-VaPUC
008 980619e19810000SP |||||||||||||||||spa|d
082 0 4 |a 809.8  |b SHA  |2 21 
100 0 |a Shaw, Donald L  |e author  |9 412905 
245 1 0 |a Nueva narrativa hispanoamericana 
300 |a 247 p 
942 |c BK 
945 |d 19980619 00:00:00  |a crobeson 
260 |a Madrid  |b Cátedra  |c 1981 
650 0 |a Crítica literaria   |9 269189 
650 0 |a Análisis literario  |9 318386 
650 0 |a Literatura contemporánea   |9 321959 
650 7 |a INVESTIGACION LITERARIA  |2 CL-VaPUC  |9 324493 
583 |a last modification  |c 19980619 00:00:00  |k Rodrigo Vera 
490 0 |a Crítica y estudios literarios 
999 |c 271077  |d 271075 
952 |0 0  |1 0  |4 0  |6 809_800000000000000_SHA_1981  |7 0  |8 A  |9 305579  |a BIBEDU  |b BIBEDU  |d 2019-11-20  |i 326999K  |o 809.8 SHA 1981  |p 326999K  |r 2019-11-20  |w 2019-11-20  |y BK  |k LIT